Od bankrotu k prosperitě.

Existenčné problémy v zhruba polovici podnikov. Bankrotová situácia. Tri typy podnikov: 1. podniky, ktoré prosperujú, 2. podniky, ktoré sa viac menej orientujú v bankrotovej situácii, 3. podniky, ktoré bankrot neminie. Spolupráca s odbornými poradcami z poradenskej organizácie.

Guardado en:
Detalles Bibliográficos
Autor principal: Rašek, A.
Formato: Capítulo de libro
Lenguaje:checo
Materias:
Etiquetas: Agregar Etiqueta
Sin Etiquetas, Sea el primero en etiquetar este registro!

MARC

LEADER 00000naa a2200000 4500
001 r012731
005 20220826093737.3
041 0 |a cze 
044 |a CZ 
245 1 0 |a Od bankrotu k prosperitě.  |c A. Rašek 
520 |a Existenčné problémy v zhruba polovici podnikov. Bankrotová situácia. Tri typy podnikov: 1. podniky, ktoré prosperujú, 2. podniky, ktoré sa viac menej orientujú v bankrotovej situácii, 3. podniky, ktoré bankrot neminie. Spolupráca s odbornými poradcami z poradenskej organizácie. 
610 2 0 |a bankrot 
610 2 0 |a podnik 
610 2 0 |a poradenstvo 
610 2 0 |a vedenie 
610 2 0 |a Čechy 
100 1 |a Rašek, A.